000 00902nam a22002657a 4500
005 20090604121111.0
008 090216t xxu||||| |||| 00| 0 eng d
010 _aENG-93878
020 _a9788190570312
_c250.00
035 _aEN-77411
037 _bDBAD / PUB
037 _bKunal Prakashan
040 _adpl
_bEnglish
082 _a616.123
100 _aSethi, Nitin
245 _aHeart attack & blood pressure /
_cby Nitin Sethi
260 _aNOIDA
_bMetro Pubishing
_c2008
270 _aB-114, Sector - 55,
_bNOIDA
300 _a200p.:
_c22cm(Hb)
_bill.
650 _aHeart
_xDiseases
650 _aBlood pressure
942 _2ddc
_cEN
_mSET
_h616.123
999 _c27207
_d27207